000 00616nam a2200229Ia 4500
005 20230323111133.0
008 230125s9999 xx 000 0 und d
020 _a978-81-7660-233-4
041 _aeng
082 _a658.3125
_bGYA
100 _aGyanchandani R
_9115380
245 _aLearn Performance Management in a Week
250 _a1st Ed.
260 _c2015
_bEverest Publishing house
_aPune
300 _a148p
500 _aPerformance
650 _aPerformance
_9119128
700 _aGyanchandani R & Badrinarayan S R
_9115381
906 _b43.6
942 _cBK
999 _c93189
_d93189